Spells In Zelda II: The Adventure Of Link - Statistics

General Stats
  • This quiz has been taken 13 times
  • The average score is 7 of 8
Answer Stats
Level 1 Cost Level 8 Cost Learned In Spell % Correct
80 40 Mido Town Fairy
100%
32 16 Rauru Town Shield
100%
120 16 Nabooru Town Fire
88%
48 8 Ruto Town Jump
88%
70 50 Saria Town Life
88%
120 16 New Kasuto Town Spell
88%
120 16 Darunia Town Reflect
75%
120 64 Old Kasuto Town Thunder
75%
No matching quizzes found
Score Distribution
Percent of People with Each Score
Percentile by Number Answered
Your Score History
You have not taken this quiz